"Sabaton - The Last Battle" Fill in the Missing Lyrics Quiz - Statistics

General Stats
  • This quiz has been taken 61 times
  • The average score is 20 of 23
Answer Stats
Lyrics Missing Word(s) % Correct
And it’s American troops and the ______ ____ German army
98%
Joining ________ at last together
96%
____ is running low Ammo
94%
After the downfall, a ______ besieged castle
92%
From the home of the brave, from the land of the ____ free
92%
Every bullet counts until _________ is announced surrender
92%
_______ leaving the past Enemies
89%
There´s no time to waste, the _____ ______ has begun final battle
89%
_____ ___ ___ and their men set the prisoners free Gangl and Lee
89%
Facing the _____ awaiting relief Nazis
89%
Gangl and Lee and their men set the _________ free prisoners
89%
Defeating the Nazis who held them ________ besieged
87%
Jenny at the _____ gates
87%
They’re depleting their _______ ____ machine guns
87%
One last fight, it’s the death throes of the _____ _____ Third Reich
87%
And it’s the ___ __ ___ ____ of the final journey end of the line
85%
From the ____ of the alps to the shores of the sea From the ____ of the alps to the shores of the sea foot
81%
From the ____ of the alps to the shores of the sea foot
81%
As the __ open fire SS
81%
_______ shall be done, the final battle remains Justice
74%
____ the Führer’s reign is at its end 1945
68%
5th of May, _ ___ is just around the corner V day
66%
After the downfall, a castle ________ relieved
62%
No matching quizzes found
Score Distribution
Percent of People with Each Score
Percentile by Number Answered
Your Score History
You have not taken this quiz